Ochrana ovzduší tržně.
V hospodársky vyspelých krajinách sa pri uplatňovaní ekologických opatrení dbá o maximálnu efektívnosť v tejto sfére. V poslednej dobe sa medzi trhovo stimulujúcimi nástrojmi ochrany ovzdušia využíva systém označovaný ako "marketable permits" alebo "emission right", čo sa prekladá ako "výmenný limit...
Guardado en:
| Autor principal: | |
|---|---|
| Formato: | Capítulo de libro |
| Lenguaje: | checo |
| Materias: | |
| Etiquetas: |
Sin Etiquetas, Sea el primero en etiquetar este registro!
|
MARC
| LEADER | 00000naa a2200000 4500 | ||
|---|---|---|---|
| 001 | r006168 | ||
| 005 | 20221125080141.9 | ||
| 041 | 0 | |a cze | |
| 044 | |a [CS] | ||
| 245 | 1 | 0 | |a Ochrana ovzduší tržně. |c Jiří Laurent |
| 520 | |a V hospodársky vyspelých krajinách sa pri uplatňovaní ekologických opatrení dbá o maximálnu efektívnosť v tejto sfére. V poslednej dobe sa medzi trhovo stimulujúcimi nástrojmi ochrany ovzdušia využíva systém označovaný ako "marketable permits" alebo "emission right", čo sa prekladá ako "výmenný limit" alebo "emisné povolenie". Vysvetlenie týchto systémov a možností ich uplatnenia v ČSFR. | ||
| 610 | 2 | 0 | |a ekológia |
| 610 | 2 | 0 | |a znečistenie ovzdušia |
| 610 | 2 | 0 | |a nástroje ekonomické |
| 610 | 2 | 0 | |a ČSFR |
| 610 | 2 | 0 | |a ochrana prostredia životného |
| 100 | 1 | |a Laurent, Jiří | |